000
00312nam a22001337a 4500
003
SGT
082
_a
658.8
_b
MAL
100
_a
MALHOTRA, NARESH
245
_a
MARKETING RESEARCH AN APPLIED ORIENTATION
260
_a
INDIA
_b
PEARSON
_c
2019
300
_a
955
650
_a
MARKETING RESEARCH
942
_2
ddc
_c
BK
_0
5
999
_c
22227
_d
22227